000 00252nam a2200109Ia 4500
008 200302s9999 xx 000 0 und d
100 _aNot Knonw
245 _aDomus - Vol: 10 : 1985--1989
260 _bTaschen Publisher
260 _c2006
300 _a580
999 _c4651
_d4651